00953cam a22002417a 4500003000500000005001700005008004100022010001000063011001000073035001000083040000900093100002700102245018200129260004100311300003200352502007700384530003600461650004300497650003800540650003500578700003500613856006300648CHAP20220329142830.0040604s2003 mx r 00010 spa d a88429 a89401 a99952 cCHAP00aZambrano Zafra, Oscar.10aEvaluación de dos fertilizantes y coadyuvantes en tomate de cáscara (Physalis ixocarpa Brot.) en Chapingo, Méxicoc/por Oscar Zambrano Zafra y Marco Antonio León López aChapingo, Méx. :bEl autor,c2003. a80 h. ;bcuadros ; gráfs. aTesis (Ing. Agr. Esp. en Fitotecnia) -- UACH. Departamento de Fitotecnia aTambién disponible en línea14aFertilizantesxEfecto en tomate verde.14aFertilizantesxExperimentación.14aTomate verdezMéxico (Edo.).0 aLeón López, Marco Antonio. 3Finding aiduhttp://10.13.5.2/tesis/99952.pdfzTeclea aqui